书目信息 |
| 题名: |
力学
|
|
| 作者: | 赵凯华 , 罗蔚茵 编 | |
| 分册: | ||
| 出版信息: | 北京 高等教育出版社 1995.07 |
|
| 页数: | 490页 | |
| 开本: | 16开 | |
| 丛书名: | ||
| 单 册: | ||
| 中图分类: | O3 | |
| 科图分类: | ||
| 主题词: | 力学 | |
| 电子资源: | ||
| ISBN: | 7-04-005509-0 | |
| 000 | 00547nam0 2200205 45 | |
| 001 | 0104030929 | |
| 005 | 20010628090006.9 | |
| 010 | @a7-04-005509-0@d33.70元 | |
| 100 | @a20010403d1995 km y0chiy0120 ea | |
| 101 | 0 | @achi |
| 105 | @a z 000yy | |
| 200 | 1 | @a力学@ALi Xue@f赵凯华,罗蔚茵编@FZhao Kai Hua,Luo Wei Yin Bian |
| 210 | @a北京@c高等教育出版社@d1995.07 | |
| 215 | @a490页@d16开 | |
| 606 | 0 | @a力学 |
| 690 | @aO3@v3 | |
| 701 | 0 | @a赵凯华@4编 |
| 701 | 0 | @a罗蔚茵@4编 |
| 801 | @aCN@bPftUser@c20010403 | |
| 905 | @dO3@eZH322@f5@b351082-086 | |
| 力学/赵凯华,罗蔚茵编.-北京:高等教育出版社,1995.07 |
| 490页;16开 |
| ISBN 7-04-005509-0:33.70元 |
| ● |
| 相关链接 |
|
|
|
正题名:力学
索取号:O3/ZH322
 
预约/预借
| 序号 | 登录号 | 条形码 | 馆藏地/架位号 | 状态 | 备注 |
| 1 | 351082 | 203510824 | 自科二线504/504自科库 48排5列2层/ [索取号:O3/ZH322] | 在馆 | |
| 2 | 351083 | 203510833 | 自科库401/401自科库 50排5列5层/ [索取号:O3/ZH322] | 在馆 | |
| 3 | 351084 | 203510842 | 自科库401/401自科库 50排5列5层/ [索取号:O3/ZH322] | 在馆 | |
| 4 | 351085 | 203510851 | 自科库401/401自科库 50排5列5层/ [索取号:O3/ZH322] | 在馆 | |
| 5 | 351086 | 203510860 | 自科库401/401自科库 50排5列5层/ [索取号:O3/ZH322] | 在馆 |